Hotel/Motel: (Record no. 1877)
[ view plain ]
| 000 -LEADER | |
|---|---|
| fixed length control field | 00588nam a22001817a 4500 |
| 005 - DATE AND TIME OF LATEST TRANSACTION | |
| control field | 20240514025805.0 |
| 008 - FIXED-LENGTH DATA ELEMENTS--GENERAL INFORMATION | |
| fixed length control field | 230316b |||||||| |||| 00| 0 eng d |
| 020 ## - INTERNATIONAL STANDARD BOOK NUMBER | |
| International Standard Book Number | 981-240-262-4 |
| 082 ## - DEWEY DECIMAL CLASSIFICATION NUMBER | |
| Classification number | 647.94 W433 2000 |
| 100 ## - MAIN ENTRY--PERSONAL NAME | |
| Personal name | Weissinger, Suzzane |
| Relator term | author |
| 245 ## - TITLE STATEMENT | |
| Title | Hotel/Motel: |
| Remainder of title | an overview / |
| Statement of responsibility, etc. | Suzanne Weissinger |
| 250 ## - EDITION STATEMENT | |
| Edition statement | 2nd ed. |
| 260 ## - PUBLICATION, DISTRIBUTION, ETC. | |
| Place of publication, distribution, etc. | Australia: |
| Name of publisher, distributor, etc. | Delmar Publishing, |
| Date of publication, distribution, etc. | c2000. |
| 300 ## - PHYSICAL DESCRIPTION | |
| Extent | viii, 193p.; |
| Other physical details | ill. |
| 504 ## - BIBLIOGRAPHY, ETC. NOTE | |
| Bibliography, etc. note | Includes index |
| 541 ## - IMMEDIATE SOURCE OF ACQUISITION NOTE | |
| Accession number | 1045 c.1, 1046 c.2, 1047 c.3, 1048 c.4, 1049 c.5, 1050 c.6, 1051 c.7 |
| 650 ## - SUBJECT ADDED ENTRY--TOPICAL TERM | |
| Topical term or geographic name entry element | Hotel and motels - Management |
| Withdrawn status | Lost status | Source of classification or shelving scheme | Damaged status | Not for loan | Home library | Current library | Date acquired | Total Checkouts | Full call number | Barcode | Date last seen | Copy number | Price effective from | Koha item type | Date last checked out | Date due |
|---|---|---|---|---|---|---|---|---|---|---|---|---|---|---|---|---|
| Dewey Decimal Classification | ctu-moalboal | ctu-moalboal | 06/13/2011 | 647.94 W433 2000 | 1045 | 03/16/2023 | 1 | 03/16/2023 | Books-Reference | |||||||
| Dewey Decimal Classification | ctu-moalboal | ctu-moalboal | 06/13/2011 | 647.94 W433 2000 | 1046 | 03/16/2023 | 2 | 03/16/2023 | Books-Reference | |||||||
| Dewey Decimal Classification | ctu-moalboal | ctu-moalboal | 06/13/2011 | 1 | 647.94 W433 2000 | 1047 | 08/31/2023 | 3 | 03/16/2023 | Books-Reference | 03/22/2023 | |||||
| Dewey Decimal Classification | ctu-moalboal | ctu-moalboal | 06/13/2011 | 647.94 W433 2000 | 1048 | 03/16/2023 | 4 | 03/16/2023 | Books-Reference | |||||||
| Dewey Decimal Classification | ctu-moalboal | ctu-moalboal | 06/13/2011 | 647.94 W433 2000 | 1049 | 03/16/2023 | 5 | 03/16/2023 | Books-Reference | |||||||
| Dewey Decimal Classification | ctu-moalboal | ctu-moalboal | 06/13/2011 | 1 | 647.94 W433 2000 | 1050 | 03/23/2023 | 6 | 03/16/2023 | Books-Reference | 03/23/2023 | 04/06/2023 | ||||
| Dewey Decimal Classification | ctu-moalboal | ctu-moalboal | 06/13/2011 | 647.94 W433 2000 | 1051 | 03/16/2023 | 7 | 03/16/2023 | Books-Reference |